000 00684nam a2200205 a 4500
005 20250307063826.0
008 991125s1971 mx 000 0 spa u
020 _a9682302277
035 _aUPN01000002430
049 _aCG
050 4 _aD6
_bH5.9 no.21
100 1 _aSéjourné, Laurette,
_d1914-2003
_929993
245 1 0 _aAmérica Latina :
_bI antiguas culturas precolombinas /
_cLaurette Séjourné ; tr. Josefina Oliva de Coll.
260 _aMéxico :
_bSiglo XXI,
_c1971.
300 _a331 p. :
_bil.
440 0 _aHistoria universal siglo XXI ;
_v21
651 4 _aAmérica
_xDescubrimiento y exploración
_92370
651 4 _aAmérica Latina
_xCivilización
_92733
905 _aLibro
999 _c2430
_d2430